00823nam a2200205 a 4500003000200000005001700002008004100019050002700060100002200087245009700109260009300206300004500299504004100344650003400385650004200419650004000461650004200501650003400543650004000577020250304151454.0090706s19uu xx 00 eng d aPGS LB 3609b.Y94 2009 aYukawa, Takeru A. aNon-Korean parents' perception on the growing Korean population in SISC /cTakeru A. Yukawa. aLas Piñas City, Philippines : bSouthville International School and Colleges, c2009. a30 pages : billustrations ; c28 cm.  aIncludes bibliographical references. aParent attitudeszPhilippines aSchool environmentvCultural aspects. aInternational schoolsvPhilippines. aMulticultural educationvPhilippines. aKorean studentsvPhilippines. aEducational sociologyzPhilippines.